| 000 | 00542nam a22001817a 4500 | ||
|---|---|---|---|
| 999 |
_c7052 _d7052 |
||
| 001 | 8946 | ||
| 003 | BD-DhUAP | ||
| 005 | 20210113123435.0 | ||
| 008 | 210113s1956 bg ||||| |||| 00| 0 eng d | ||
| 040 |
_aBD-DhUAP _bEng _cBD-DhUAP _dBD-DhUAP |
||
| 082 |
_223 _a345.549201 DHA |
||
| 245 |
_aThe Dacca law reports : _bindex of cases of all courts, civil and criminal. |
||
| 260 |
_aDacca : _bDacca law reports, _c1956. |
||
| 300 |
_avolumes ; _c25 cm. |
||
| 505 | _aV. 8-- | ||
| 650 |
_aLaw reports, digests, etc. _zBangladesh. |
||
| 942 |
_2ddc _cBK |
||